00244nam a2200109Ia 4500008004100000041001200041082001100053100001900064245003900083260000600122650000600128221030s9999 xx 000 0 und d aEnglish a105.23 aS. Ramamrutham 0aMachine Drawingcby S. Ramamrutham c0 aB